| 000 | 00656cam a22002291 4500 | ||
|---|---|---|---|
| 001 | ca 36001298 | ||
| 003 | DLC | ||
| 005 | 20260227111143.0 | ||
| 008 | 890707s1933 ohu 000 0 eng | ||
| 010 | _aca 36001298 | ||
| 035 | _a(OCoLC)19977065 | ||
| 040 |
_aDLC _cRPB _dDLC |
||
| 042 | _apremarc | ||
| 050 | 0 | 0 |
_aPN6120.C5 _bR53 |
| 082 | _a812.5 | ||
| 100 | 1 | _aRichards, Laura Lou. | |
| 245 | 1 | 0 |
_aMerry Christmas customs, _cby Laura Lou Richards ... |
| 260 |
_aFranklin, O., _aDenver Colo., _bEldridge Entertainment House, Incorporated, _cc1933. |
||
| 300 |
_a39 p. _c19 cm. |
||
| 490 | 0 | _aEldridge Christmas material | |
| 650 | 0 | _aChristmas plays. | |
| 999 |
_c18242 _d18242 |
||